02066nam a2200301 4500008004100000022001800041245012800059260004600187300001900233310001800252362001600270505010900286505010000395505008600495505006400581505006800645505013000713505005800843505015500901505016601056505020001222505009901422505012801521650001101649650002601660700003901686700003901725240228b ||||| |||| 00| 0 spa d a978987301677610aRevista de Derechos de daños :bresponsabildad civil - II /cJorge Mosset Iturraspe ; Ricardo Luis Lorenzetti directores. aBuenos Aires :bRubinzal Culzoni, c2025. a683 p.c22 cm. acuatrimestral aNo.2 (2025) tEl daño resarcible. concepto. requisitos. indemnización (enfoque conceptual /rJorge Mario Galdós. tLa indemnización frente al daño que cambia: un desafío para el derecho /rAdrián Morea. tIndemnización de las consecuencias no patrimoniales /rLeonel Javier Ciliberto. tIndemnización por fallecimiento / r Nicolás J. Negri. tDaño moratorio. curso de los intereses / r Graciela Lovece. tFórmulas empleadas para calcular la reparación por incapacidad: una explicación detallada / rMatías Irigoyen Testa. tResponsabilidad directa / rFernando Alfredo Sagarna. tDaños causados por actos involuntarios - un enfoque moderno y sus proyecciones en el ámbito judicial contemporáneo / r Viviana Silvia Torello. tResponsabilidad del principal por el hecho del dependiente en el artículo 1753 del código civil y comercial de la nación argentina /r Marcial Sorazábal. tResponsabilidad por el hecho de los hijos/as (padres, madres y otras personas encargadas) - del modelo de la presunción de culpa al sistema objetivo de responsabilidad civil /rAldo M. Di Vito. tResponsabilidad por el hecho de las cosas y actividades riesgosas / rCarlos Molina Sandoval. tAlgunos aspectos de la responsabilidad civil por daños producidos por animales /rJulieta B. Hauser y Federico A. Ossola. 0aDAÑO 0aRESPONSABILIDAD CIVIL aMosset Iturraspe, Jorge edirector aLorenzetti, Ricardo Luisedirector